000 01358nam a22003617a 4500
003 CHAP
005 20220329134950.0
008 971013s1975 r 00010 d
010 _a28793
011 _a29765
035 _a33876
040 _cCHAP
082 _a972.083
_bL3
245 _aLázaro Cárdenas
260 _aMéxico :
_bFondo de Cultura Económica,
_c1975
300 _a76 p.
490 _aTestimonios del fondo
505 _aContenido: Cárdenas y la República Española, por Gilberto Bosques.- El partido comunista durante el período de Cárdenas, por Miguel Angel Velasco.- Lázaro Cárdenas y el movimiento de liberación nacional, por Heberto Castillo Martínez
590 _aBATCH-UPD
_b10
_c20130110
_lUCH01
_h1249
590 _aBATCH-UPD
_b10
_c20130410
_lUCH01
_h0812
590 _aBATCH-UPD
_b10
_c20130914
_lUCH01
_h0725
590 _aBATCH-UPD
_b10
_c20161124
_lUCH01
_h1708
590 _aCONVERSION
_b10
_c20130109
_lUCH01
_h1316
650 1 4 _aPolíticos mexicanos.
_990723
651 4 _aMéxico
_xPolítica y gobierno.
_976783
700 0 _aBosques, Gilberto.
_914429
700 0 _aCastillo Martínez, Heberto.
_920171
700 0 _aVelasco, Miguel Angel.
_9118459
830 0 _aTestimonios del fondo
_9112481
901 _aBK
942 _cLIBRO
949 _a972.083 L3
_bBC
_cLIBRO
_d33724000147815
_eLIBRO
_h40784
_i33876
_mD
_si
999 _c28793
_d28793